| 000 | 01184nam a22003497a 4500 | ||
|---|---|---|---|
| 003 | CHAP | ||
| 005 | 20220329140624.0 | ||
| 008 | 971013s1977 r 00010 d | ||
| 010 | _a54911 | ||
| 011 | _a55883 | ||
| 035 | _a60036 | ||
| 040 | _cCHAP | ||
| 090 | _aTesis | ||
| 100 | 0 | 0 |
_aSantos, Ebis Días. _9102547 |
| 245 | _aDeterminación de la evapotranspiración en trigo mediante riego por succión | ||
| 260 |
_aChapingo, Mex. : _bEl autor, _c1977 |
||
| 300 |
_a107 h. _b: ilus. ; gráfs. |
||
| 502 | _aTesis (M.C. Esp. en Riego y Drenaje) -- ENA. Colegio de Postgraduados. Rama de Riego y Drenaje | ||
| 590 |
_aALEPH _b10 _c20130110 _lUCH01 _h1332 |
||
| 590 |
_aBATCH-UPD _b10 _c20130110 _lUCH01 _h0514 |
||
| 590 |
_aBATCH-UPD _b10 _c20130410 _lUCH01 _h0152 |
||
| 590 |
_aBATCH-UPD _b10 _c20130914 _lUCH01 _h1335 |
||
| 590 |
_aCONVERSION _b10 _c20130109 _lUCH01 _h1330 |
||
| 650 | 1 | 4 |
_aEvapotranspiración. _938968 |
| 650 | 1 | 4 |
_aLisímetros. _967089 |
| 650 | 1 | 4 |
_aTrigo _xIrrigación. _9115050 |
| 901 | _aBK | ||
| 942 | _cFOLL | ||
| 949 |
_bBC _cTES _d-129575 _eTS1 _i60036 _si |
||
| 949 |
_bBC _cTES _d-129576 _eTS2 _fc.2 _i60036 _si |
||
| 949 |
_bBC _cTES _d-129577 _eTS2 _fc.3 _i60036 _si |
||
| 999 |
_c54911 _d54911 |
||